000 00599 a2200169 4500
020 _a0817642250
020 _a9780817642259
082 0 4 _a515.35
090 _c525
_d525
100 1 _aBohner, Martin.
245 1 0 _aDynamic equations on time scales :
_ban introduction with applications /
_cMartin Bohner, Allan Peterson.
260 _a[S.l.] :
_bBirkhauser Boston,
_c2001.
300 _a368 p. ;
_c27 cm.
700 1 _aPeterson, Allan.
942 _aSNS
_cBK
_k515.35 BOH
999 _c29155
_d29155